Rondas, cantos y juegos tradicionales de los niños del Litoral Pacífico [videocasete] (Registro nro. 49416)

Detalles MARC
000 -CABECERA
Longitud fija campo de control 00725nam a2200205Ii 4500
003 - IDENTIFICADOR DEL NUMERO DE CONTROL
Identificador del número de control CO-ViMGA
008 - CODIGOS DE INFORMACION DE LONGITUD FIJA
Códigos de información de longitud fija 241108s9999||||xx |||||||||||||| ||und||
040 ## - FUENTE DE LA CATALOGACION
Centro catalogador de origen CO-ViMGA
Lengua de catalogación spa
Normas de descripción rda
Centro transcriptor CO-ViMGA
041 0# - CODIGO DE LENGUA
Código de lengua del texto/banda sonora o título independiente spa
082 04 - NUMERO DE LA CLASIFICACION DECIMAL DEWEY
Número de clasificación (R) 398.88615 M87rlp
110 1# - PUNTO DE ACCESO PRINCIPAL-NOMBRE DE ENTIDAD CORPORATIVA
Nombre de entidad corporativa o nombre de jurisdicción como elemento inicial Museo de Artes y Tradiciones Populares. Bogotá
245 10 - TITULO PROPIAMENTE DICHO
Título Rondas, cantos y juegos tradicionales de los niños del Litoral Pacífico [videocasete]
264 #1 - PRODUCCION, PUBLICACION , DISTRIBUCION, FABRICACION Y COPYRIGHT
Lugar de producción, publicación, distribución, fabricación [Lugar de publicación no identificado] : Museo de Artes y Tradiciones Populares, 1990
300 ## - DESCRIPCION FISICA
Extensión volumen
336 ## - TIPO DE CONTENIDO
Término de tipo de contenido text
Código de tipo de contenido txt
Fuente rdacontent
337 ## - TIPO DE MEDIO
Nombre del tipo de medio unmediated
Código del tipo de medio n
Fuente rdamedia
338 ## - TIPO DE SOPORTE
Nombre del tipo de soporte volume
Código del tipo de soporte nc
Fuente rdacarrier
940 ## -
T&íacute;tulo uniforme <a href="idficha_siabuc: 2043. -- ficha_no_siabuc:2088">idficha_siabuc: 2043. -- ficha_no_siabuc:2088</a>
Existencias
Perdido Estado Físico No para pr&eacute;stamo Forma de adquisición Localizaci&oacute;n permanente Localizaci&oacute;n actual Localización en estanterías Fecha adquisici&oacute;n Serie de enumeraci&oacute;n &#47; cronolog&&iacute;acute;a Signatura completa C&oacute;digo de barras Fecha &uacute;ltima consulta N&uacute;mero de copia Fecha del precio de reemplazo Tipo de item de Koha Note p&uacute;blica
      Sala General Biblioteca Pública Departamental Eduardo Carranza - Villavicencio Biblioteca Pública Departamental Eduardo Carranza - Villavicencio General 06/30/2004 Vol.1 398.88615 M87rlp ECA14797 11/26/2024 Ej.1 11/26/2024 LIbro 2043 | 2417
      Colección Sala Infantil de Literatura Pocatil y Tilín Biblioteca Pública Departamental Eduardo Carranza - Villavicencio Biblioteca Pública Departamental Eduardo Carranza - Villavicencio General 11/15/2003 Vol.1 398.88615 M87rlp ECA04-18 11/26/2024 Ej.1 11/26/2024 LIbro 2043 | 2414
      Colección Sala Infantil de Literatura Pocatil y Tilín Biblioteca Pública Departamental Eduardo Carranza - Villavicencio Biblioteca Pública Departamental Eduardo Carranza - Villavicencio General 11/15/2003 Vol.1 398.88615 M87rlp ECA05-8 11/26/2024 Ej.1 11/26/2024 LIbro 2043 | 2415
      Colección Sala Infantil de Literatura Pocatil y Tilín Biblioteca Pública Departamental Eduardo Carranza - Villavicencio Biblioteca Pública Departamental Eduardo Carranza - Villavicencio General 11/15/2003 Vol.2 398.88615 M87rlp ECA05-9 11/26/2024 Ej.1 11/26/2024 LIbro 2043 | 2416









Instituto Departamental de Cultura del Meta - Red Departamental de Bibliotecas Públicas del Meta.